书目信息 |
| 题名: |
山河一片情
|
|
| 作者: | 万维生 绘 | |
| 分册: | ||
| 出版信息: | 北京 人民美术出版社 2014 |
|
| 页数: | 116页 | |
| 开本: | 25x26cm | |
| 丛书名: | ||
| 单 册: | ||
| 中图分类: | G262.2-64 , J225 | |
| 科图分类: | ||
| 主题词: | 邮票--中国--现代--图集 , 水彩画--作品集--中国--现代 | |
| 电子资源: | ||
| ISBN: | 978-7-102-06868-8 | |
| 000 | 00745nam0 2200241 450 | |
| 001 | 5867 | |
| 005 | 20180529230204.74 | |
| 010 | @a978-7-102-06868-8@b精装@dCNY186.00 | |
| 100 | @a20141218d2014 em y0chiy50 ea | |
| 101 | 0 | @achi |
| 102 | @aCN@b110000 | |
| 105 | @aa z 000yy | |
| 200 | 1 | @a山河一片情@9shan he yi pian qing@e万维生记事手绘封@f本社编@Fben she bian |
| 210 | @a北京@c人民美术出版社@d2014 | |
| 215 | @a116页@c照片@d25x26cm | |
| 517 | 1 | @a万维生记事手绘封@9wan wei sheng ji shi shou hui feng |
| 606 | 0 | @a邮票@y中国@z现代@j图集 |
| 606 | 0 | @a水彩画@x作品集@y中国@z现代 |
| 690 | @aG262.2-64@v5 | |
| 690 | @aJ225@v5 | |
| 701 | 0 | @a万维生@9wan wei sheng@4绘 |
| 801 | 0 | @aCN@b91MARC@c20150604 |
| 905 | @aMuseLib@dG262.2-64@e19 | |
| 山河一片情:万维生记事手绘封/本社编.-北京:人民美术出版社,2014 |
| 116页:照片;25x26cm |
| ISBN 978-7-102-06868-8(精装):CNY186.00 |
| ● |
| 相关链接 |
|
|
|
|
正题名:山河一片情
索取号:G262.2-64/19
 
预约/预借
| 序号 | 登录号 | 条形码 | 馆藏地/架位号 | 状态 | 备注 |
| 1 | 1115369 | 211153696 | 第一样本阅览室/ [索取号:G262.2-64/19] | 在馆 | |
| 2 | 1115370 | 211153703 | 教育系资料室/ [索取号:G262.2-64/19] | 在馆 | |
| 3 | 1115371 | 211153712 | 教育系资料室/ [索取号:G262.2-64/19] | 在馆 |